01860nam a2200397 a 4500001001000000003000900010005001700019007001000036008004100046020003000087020003000117040002200147092002800169245014500197260007500342300005400417490001500471500003400486504007300520504003000593650005200623650004900675650002600724650004800750651005700798700003700855830001500892910004000907942001200947945002700959952013700986952014201123952014301265956003901408999001501447000010976DO-SdBNP20211104104322.0000010976091013s2009 dr ach 001 0 spa d a9789993431305 (rústica) a9789993431299 (tapa dura) aBPMSUbspacBPMSU a972.9305bO88g 200922203aLa otra guerra de abril :bla batalla cultural de los constitucionalistas /cinvestigación, compilación y notas Pedro Pablo Fernández. aSanto Domingo :bBiblioteca Nacional Pedro Henríquez Ureña,c2009. a371, (20) p. :bil., retrs., facsíms. ;c27 cm.1 aTestimonio aIncluye índice onomástico aIncluye referencias bibliográficas y notas al pie de las páginas aBibliografía: p.363-368 4aPERIODÍSMO POLÍTICOzREPÚBLICA DOMINICANA 4aPOLÍTICA Y CULTURAzREPÚBLICA DOMINICANA 4aLITERATURA DOMINICANA 4aARTE Y REVOLUCIONESzREPÚBLICA DOMINICANA 4aREPÚBLICA DOMINICANAxHISTORIAyREVOLUCIÓN, 19651 aFernández, Pedro Pablo,ecomp. 0aTestimonio aValidado. Control de calidad BNPHU. 2ddccBK aInventariado / 2017 VM 00102ddc40708CDaBPMETbBPMETd2015-03-06eBiblioteca Nacional l0o972.93054 O88g pBPMSU15040284r2015-03-06w2015-03-06yBK 00102ddc40708CDaBPMETbBPMETd2015-03-06eBiblioteca Nacional l0o972.93054 O88gpBPMSU15040285r2015-03-06te. 2w2015-03-06yBK 00102ddc40708CDaBPMETbBPMETd2015-03-06eBiblioteca Nacional l0o972.93054 O88g pBPMSU15040286r2015-03-06te. 3w2015-03-06yBK aVMATEOb10c20150717lBPMSUh00151 c7561d7561